Arthur's Christmas / (Record no. 3095)

MARC details
000 -LEADER
fixed length control field 00858pam a2200289 a 4500
005 - DATE AND TIME OF LATEST TRANSACTION
control field 20240205151218.0
020 ## - INTERNATIONAL STANDARD BOOK NUMBER
International Standard Book Number 0590135635
040 ## - CATALOGING SOURCE
Original cataloging agency DLC
Transcribing agency DLC
Modifying agency DLC
Language of cataloging eng
050 00 - LIBRARY OF CONGRESS CALL NUMBER
Classification number PZ7.B81618
082 00 - DEWEY DECIMAL CLASSIFICATION NUMBER
Classification number 700
100 1# - MAIN ENTRY--PERSONAL NAME
Personal name Brown, Marc
245 10 - TITLE STATEMENT
Title Arthur's Christmas /
Statement of responsibility, etc. Brown, Marc
260 ## - PUBLICATION, DISTRIBUTION, ETC.
Place of publication, distribution, etc. New York :
Name of publisher, distributor, etc. Scholastic,
Date of publication, distribution, etc. 1984
300 ## - PHYSICAL DESCRIPTION
Extent 31 pages :
Other physical details color illustrations ;
Dimensions 26 cm.
490 ## - SERIES STATEMENT
Series statement Arthur the Aardvark
500 ## - GENERAL NOTE
General note "An Atlantic Monthly Press book."
505 ## - FORMATTED CONTENTS NOTE
Formatted contents note M <br/>
520 ## - SUMMARY, ETC.
Summary, etc. Arthur puts a lot of time, effort, and thought into his special present for Santa Claus.
521 ## - TARGET AUDIENCE NOTE
Target audience note 530 <br/>
Source Lexile <br/>
521 ## - TARGET AUDIENCE NOTE
Target audience note M <br/>
Source Raz-Plus <br/>
650 #1 - SUBJECT ADDED ENTRY--TOPICAL TERM
Topical term or geographic name entry element Gifts
Form subdivision Fiction.
650 #1 - SUBJECT ADDED ENTRY--TOPICAL TERM
Topical term or geographic name entry element Christmas
Form subdivision Fiction.
650 #1 - SUBJECT ADDED ENTRY--TOPICAL TERM
Topical term or geographic name entry element Animals
Form subdivision Fiction.
906 ## - LOCAL DATA ELEMENT F, LDF (RLIN)
a 7
b cbc
c orignew
d 1
e ocip
f 19
g y-gencatlg
942 ## - ADDED ENTRY ELEMENTS (KOHA)
Source of classification or shelving scheme Dewey Decimal Classification
Koha item type Books
Suppress in OPAC No
999 ## -
-- 3095
-- 3095
Holdings
Withdrawn status Lost status Source of classification or shelving scheme Damaged status Not for loan Collection Home library Current library Shelving location Date acquired Total Checkouts Full call number Barcode Date due Date last seen Date last checked out Price effective from Koha item type
    Dewey Decimal Classification     Juvenile Fiction Footprints International School Library Network Toul Kork Campus Footprints International School Library Network Toul Tom Poung Campus   02/05/2024 6 BRO 700 PZ7.B81618 FISBK05408 04/22/2026 04/08/2026 04/08/2026 02/05/2024 Books